000 00534nam a2200229Ia 4500
003 OSt
005 20220918190638.0
006 a|||||r|||| 00| 0
007 ta
008 220917b |||||||| |||| 00| 0 eng d
024 _a58,383
037 _cTextual
040 _aARTS
_cARTS
_beng
041 _2eng
_aeng
082 _aP576, K2
100 _aHarms R T
_973404
245 0 _aEstoniam grammar
260 _c1962
650 _aLINGUISTICS
942 _hP576, K2
_cTEXL
_2CC
999 _c186222
_d186222